000 00470nam a2200181Ia 4500
008 100920s9999 xx 000 0 und d
082 _b74463
_a4 थ 98
100 _aKumbhare P.N.
245 _aLAUGHTER CLUB.
260 _bSnehvardhan Publishing House , Pune.
_c1998
300 _a104
_bसाधी
365 _b60
520 _aई. एल.डी.
630 _aLAUGHTER CLUB.
650 _aई. एल.डी.
730 _aLAUGHTER CLUB.
942 _cBOOK
999 _c716060
_d716057